|
|
|
|
| LEADER |
01456nam a22003137a 4500 |
| 001 |
42701 |
| 003 |
BD-DhAAL |
| 008 |
240623t1997 nyua b 001 0 eng d |
| 020 |
|
|
|a 0028278089
|
| 020 |
|
|
|a 9780028278087
|
| 040 |
|
|
|a BD-DhAAL
|c BD-DhAAL
|
| 082 |
|
|
|a 550
|2 23
|
| 100 |
|
|
|a Feather, Ralph M.
|9 17495
|
| 245 |
|
|
|a Glencoe earth science /
|c Ralph Feather, Susan Leach Snyder.
|
| 246 |
|
|
|a Earth science
|
| 264 |
|
|
|a New York, N.Y. :
|b Glencoe,
|c c1997.
|
| 300 |
|
|
|a xxiv, 792 pages :
|b color illustrations ;
|c 28 cm.
|
| 504 |
|
|
|a Includes bibliographical references and index.
|
| 541 |
|
|
|a Donation from the Asia Foundation/Savar Campus Library
|e 42701, 42702
|
| 650 |
|
|
|a Earth sciences
|x Study and teaching (Middle school).
|
| 650 |
|
|
|a Earth sciences.
|
| 650 |
|
|
|a Science.
|
| 700 |
|
|
|a Snyder, Susan Leach.
|9 17497
|
| 710 |
|
|
|a Glencoe/McGraw-Hill.
|
| 852 |
|
|
|a Ayesha Abed Library
|
| 942 |
|
|
|2 ddc
|c BK
|
| 999 |
|
|
|c 46735
|d 46735
|
| 952 |
|
|
|0 0
|1 0
|2 ddc
|4 0
|6 550_000000000000000_FEA
|7 0
|9 75661
|a SCL
|b SCL
|c GEN
|d 2024-06-23
|e Donation from the Asia Foundation/Savar Campus Library
|l 0
|o 550 FEA
|p 3020042701
|r 2024-06-23
|t 1
|w 2024-06-23
|y BK
|x Donation from the Asia Foundation/Savar Campus Library
|
| 952 |
|
|
|0 0
|1 0
|2 ddc
|4 0
|6 550_000000000000000_FEA
|7 0
|9 75662
|a SCL
|b SCL
|c GEN
|d 2024-06-23
|e Donation from the Asia Foundation/Savar Campus Library
|l 0
|o 550 FEA
|p 3020042702
|r 2024-06-23
|t 2
|w 2024-06-23
|y BK
|x Donation from the Asia Foundation/Savar Campus Library
|